00745nam a22002177a 4500003000500000005001700005008004100022010001000063011001000073035001000083040000900093100003700102245012200139260003800261300001100299502009500310650003200405650004000437650002100477650002900498CHAP20220329133953.0971013s1979 r 00010 d a13416 a14388 a18461 cCHAP00aCastellanos Guzmán, Francisco. aDeterminación en pastizales de Mapastepec, Chiapasb: de larvas infectantes de vermes gastrointestinales en bovinos aMéxico, D.F. :bEl autor,c1979 a(s.p.) aTesis (Médico Veterinario Zootecnista) -- UNAM. Fac. de Medicina Veterinaria y Zootecnia14aGanado vacunoxParásitos.14aNemátodos parásitos de bovinos.14aPastosxChiapas.14aPastosxContaminación.